000 00593nam a2200169 i 4500
001 27810
003 ES-MaACL
007 t|
008 030115s1971 mx ||||1| spa d
100 1 _aAyres, Frank.
_924191
245 1 0 _aTeoría y práctica de geometría proyectiva /
_cpor Frank Ayres ; traducción y adaptación Amaury Llamas Jimeno y Campo Elías Veloza Cantor.
260 _aMéxico :
_bMcGraw-Hill,
_c[1971]
300 _a247 p. :
_bil. ;
_c28 cm.
700 1 _aLlamas Jimeno, Amaury.
_972668
700 1 _aVeloza Cantor, Campo Elías.
_9113865
852 _aES-MaACL
_jE-5822
_bR.90076
999 _c27810
_d27810